000 00522nam a2200169Ia 4500
008 090123s9999 xx 000 0 und d
082 _b37603
245 _aओशो विचारदर्शन
250 _a1
260 _bमनोविकास प्रकाशन
_c2004
300 _a239
630 _aओशो विचारदर्शन
700 _aकुंटे माधवी
700 _aभोसले राजन
730 _aओशो विचारदर्शन
942 _cBOOK
999 _c75671
_d75671